00493nam a22002057a 4500003000500000005001700005008004100022010001000063011001000073035001000083040000900093082001800102100002000120245002100140250001000161260002900171300002000200650002800220650003900248CHAP20220329140210.0971013s1916 r 00010 d a48446 a49418 a53566 cCHAP a553bR54 191600aRies, Heinrich. aEconomic geology a4 ed. aNew York :bWiley,c1916 a856 p.b: ilus.14aGeología económica.14aMinas y recursos mineralesxE.U.A.